000 02668nam0a2200373 4500
001 RU\NLR\BIBL_A\012457730
005 20210330170110.0
010 _a978-5-502-01350-5
_9100
021 _aRU
_bКН-П-20-064185
_9КН-П-20-4822
035 _a(NLR Aleph) 012457730
035 _a(RuMoRGB)010452240
090 _a12008555
_c12008555
100 _a20210219d2020 u y0rusy50 ca
101 0 _arus
102 _aRU
105 _aa j 000zy
181 0 _ai
_baxxe
182 0 _an
200 1 _aПрикладные задачи теории упругости
_eучебное пособие для студентов высших учебных заведений, обучающихся по направлению "Прикладная механика"
_fА. А. Миронов, О. А. Сергеев, С. А. Сергеева
_gМинистерство науки и высшего образования Российской Федерации, Федеральное государственное бюджетное образовательное учреждение высшего образования "Нижегородский государственный технический университет им. Р. Е. Алексеева"
203 _aТекст
_bвизуальный
_cнепосредственный
210 _aНижний Новгород
_cНижегородский государственный технический университет им. Р. Е. Алексеева
_d2020
215 _a136, [1] с.
_cил., табл., цв. ил.
_d21
300 _aНа 4-й с. обл. авт.: А. А. Миронов, д.т.н., проф., О. А. Сергеев, к.т.н., доц., С. А. Сергеева, к.ф.-м.н., доц.
320 _aБиблиогр.: с. 86 (10 назв.) и в подстроч. примеч.
606 1 _aУпругости теория
_jУчебные издания для высших учебных заведений
_2nlr_sh2
_3RU\NLR\AUTH\661284018
686 1 _aВ251.1я73-1
700 1 _aМиронов
_bА. А.
_cд-р техн. наук
_gАнатолий Алексеевич
_3RU\NLR\AUTH\770191980
701 1 _aСергеев
_bО. А.
_cканд. техн. наук, материаловедение
_gОлег Анатольевич
_3RU\NLR\AUTH\770227909
701 1 _aСергеева
_bС. А.
_cканд. физ.-мат. наук, материаловедение
_gСветлана Анатольевна
_3RU\NLR\AUTH\770227913
942 _cBOOK
980 _aNBR
980 _aNB